Cambio e identidad de la Iglesia en América Latina. Itinerario de la eclesiología de comunión de Medellín a Aparecida

Đã lưu trong:
Chi tiết về thư mục
Tác giả chính: Legorreta Zepeda, José de Jesús (Tác giả)
Định dạng: Sách
Ngôn ngữ:Tiếng Tây Ban Nha
Được phát hành: Ciudad de México, México. Universidad Iberoamericana A.C, 2014
Những chủ đề:
Các nhãn: Thêm thẻ
Không có thẻ, Là người đầu tiên thẻ bản ghi này!

MARC

LEADER 00000cam a2200000 a 4500
001 UCC8233
003 CL-VaPUC
005 20250103100416.0
008 190617e20140000mx |||||||||||||||||spa|d
999 |c 374606  |d 374604 
020 |a 9786074172904 
040 |c Pontificia Universidad Católica de Valparaíso 
082 0 4 |a 282.8 LEG 2014  |2 21 
100 |a Legorreta Zepeda, José de Jesús  |e author  |9 602897 
245 1 0 |a Cambio e identidad de la Iglesia en América Latina.  |b Itinerario de la eclesiología de comunión de Medellín a Aparecida 
260 |a Ciudad de México, México.  |b Universidad Iberoamericana A.C,  |c 2014 
300 |a 413 páginas 
583 |a last modification  |c 20190617 11:18:00  |k Rodrigo Vera 
650 0 |a Iglesia Católica  |9 256114 
651 0 |a América Latina   |9 255027 
852 |a BIBTEO 
942 |c BK  |2 ddc 
945 |d 20190617 11:18:00  |a dcastane 
952 |0 0  |1 0  |3 erb  |4 0  |6 282_800000000000000_LEG_2014  |7 0  |8 A  |9 493220  |a BIBTEO  |b BIBTEO  |d 2019-06-03  |e 8  |g 18900.00  |i 5551285  |l 2  |o 282.8 LEG 2014  |p 5551285  |r 2024-01-18  |s 2023-12-14  |v 18900.00  |w 2019-11-24  |y BK  |z Catalogado en:20190617  |k ICR 
952 |0 0  |1 0  |3 erb  |4 0  |6 282_800000000000000_LEG_2014  |7 0  |8 A  |9 493221  |a BIBTEO  |b BIBTEO  |d 2019-08-13  |e 8  |g 18900.00  |i 555943K  |o 282.8 LEG 2014  |p 555943K  |r 2024-01-18  |v 18900.00  |w 2019-11-24  |y BK  |z Catalogado en:20190814  |k ICR